004140000a22001090004500090001700000245009800017041001400115100003900129942001300168773010600181999001700287 aASbSeriadas10aAcerca de la validez de dos nombres de Asteraceas colombianas y de su correcta tipificación0 aEspañol1 aDíaz Piedrahita, Santiago995842 cARTICULO1 tRevista de la Academia Colombiana de Ciencias Exactas, Fisicas y Naturales332h67q645-648d1990g17 c14086d14086